Defense Production Act Extension, 1960 : hearings before the United States Senate Committee on Banking and Currency, Subcommittee on Production and Stabilization, Eighty-Sixth Congress, second session, on June 7, 1960.

Considers S. 3472, to extend for two additional years the Defense Production Act of 1950, to expand defense item production, to control scarce materials use, and to develop adequate emergency mobilization programs.

Bibliographic Details
Corporate Authors: United States. Congress. Senate. Committee on Banking and Currency. Subcommittee on Production and Stabilization, ProQuest (Firm)
Format: Government Document eBook
Language:English
Published: Washington : U.S. G.P.O., 1960.
Series:U.S. Congressional Hearings.
Subjects:
Online Access:Connect to the full text of this electronic book

MARC

Tag First Indicator Second Indicator Subfields
LEADER 00000cam a22000001a 4500
001 in00003200913
006 m d f
007 cr bn mmmapmmp
008 090623s1960 dcu o f000 0 eng d
005 20260604201650.7
035 |a cis2007428732 
040 |a UMI  |c UMI  |d UtOrBLW 
043 |a n-us--- 
086 0 |a Y 4.B 22/3:D 36/3/960 
099 |a HRG-1960-BCS-0008 
110 1 |a United States.  |b Congress.  |b Senate.  |b Committee on Banking and Currency.  |b Subcommittee on Production and Stabilization. 
245 1 0 |a Defense Production Act Extension, 1960 :  |b hearings before the United States Senate Committee on Banking and Currency, Subcommittee on Production and Stabilization, Eighty-Sixth Congress, second session, on June 7, 1960. 
264 1 |a Washington :  |b U.S. G.P.O.,  |c 1960. 
300 |a 1 online resource. 
336 |a text  |b txt  |2 rdacontent 
337 |a computer  |b c  |2 rdamedia 
338 |a online resource  |b cr  |2 rdacarrier 
500 |a Record is based on bibliographic data in ProQuest Congressional Hearings Digital Collection. Reuse except for individual research requires license from ProQuest, LLC. 
520 |a Considers S. 3472, to extend for two additional years the Defense Production Act of 1950, to expand defense item production, to control scarce materials use, and to develop adequate emergency mobilization programs. 
520 |a Considers (86) S. 3472. 
538 |a System requirements: PDF reader software. 
500 |a Electronic resource. 
650 0 |a Defense industries  |z United States. 
650 0 |a Industrial mobilization  |z United States. 
650 0 |a Strategic materials  |x Law and legislation  |z United States. 
655 7 |a Electronic books.  |2 local 
710 2 |a ProQuest (Firm) 
776 0 8 |i Print version:  |a United States. Congress. Senate. Committee on Banking and Currency. Subcommittee on Production and Stabilization.  |t Defense Production Act Extension, 1960 
776 0 8 |i Microfiche version:  |a United States. Congress. Senate. Committee on Banking and Currency. Subcommittee on Production and Stabilization.  |t Defense Production Act Extension, 1960.  |d [Bethesda, Md.] : ProQuest,[2004]  |o CIS Hrgs MF Gp 3--(86) S1403-11  |w (ProQuest)cis10702775 
830 0 |a U.S. Congressional Hearings. 
856 4 0 |u http://proxy.library.tamu.edu/login?url=https://congressional.proquest.com/congcomp/getdoc?HEARING-ID=HRG-1960-BCS-0008  |z Connect to the full text of this electronic book  |t 0 
998 |a cis10702775 
999 |a MARS 
999 f f |s c384912c-89b9-3cb2-af29-38b77e0bea1b  |i b7afdab1-e1bb-3e51-a30e-4b8d6de375b3  |t 0 
952 f f |a Texas A&M University  |b College Station  |c Electronic Resources  |s www_evans  |d Available Online  |t 0  |e HRG-1960-BCS-0008  |h Other scheme 
998 f f |a HRG-1960-BCS-0008  |t 0  |l Available Online